000 00334 a2200145 4500
001 170083
020 _a
040 _cMagnum
100 _aDocampo, Xabier P.
240 1 0 _aAdelaida, hector y demas familia
_lESP
245 1 0 _aAdelaida, hector y demas familia
362 0 _a1899
697 _aLITERATURA ESTRANGEIRA
942 _cBK
999 _c170083
_d170083